Královská cesta
| Titel: | Královská cesta : všední i sváteční život v proměnách času / Barbora Půtová |
|---|---|
| Verfasser: | |
| Ausgabe: | Vydání první |
| Veröffentlicht: | Praha : Paseka, 2016 |
| Umfang: | 151 Seiten, 24 ungezählte Seiten Bildtafeln : Illustrationen |
| Format: | Buch |
| Sprache: | Tschechisch |
| RVK-Notation: | |
| ISBN: | 9788074326363 |
| Hinweise zum Inhalt: |
Inhaltsverzeichnis
|
alg: 42099375 001A $03004:13-11-17 001B $03004:30-08-18 $t16:15:57.000 001C $03004:13-11-17 $t14:38:56.000 001D $03004:30-08-18 001U $0utf8 001X $00 002@ $0Aau 002C $aText $btxt $2rdacontent 002D $aohne Hilfsmittel zu benutzen $bn $2rdamedia 002E $aBand $bnc $2rdacarrier 003@ $0420993754 004A $A978-80-7432-636-3 007A $0869873849 $aGBV 009P $qapplication/pdf $A2 $3Inhaltsverzeichnis $uhttp://scans.hebis.de/HEBCGI/show.pl?42099375_toc.pdf $mV:DE-576;B:DE-16 010@ $acze 010E $erda 011@ $a2016 $n2016 021A $aKrálovská cesta $dvšední i sváteční život v proměnách času $hBarbora Půtová 028A $BVerfasser $#Půta, Barbora $4aut $7110451561X $8Půtová, Barbora$Z1985- [Tp3] $9381875873 032@ $aVydání první 033A $pPraha $nPaseka 034D $a151 Seiten, 24 ungezählte Seiten Bildtafeln 034M $aIllustrationen 037A $aZusammenfassung in englischer Sprache 044K $qGBV $RPrag $#Královská cesta Prag $#Krönungsweg Prag $74319668-8 $8Königsweg Prag [Tg1] $9086761897 045Z $8NR 8724 [Tkv] $9410931179 lok: 42099375 24 exp: 42099375 24 1 #EPN 201B/01 $030-08-18 $t16:15:57.000 201C/01 $013-11-17 201U/01 $0utf8 203@/01 $01011577089 208@/01 $a30-08-18 $bz 209A/01 $a18.01765 $du $f050 $h18 01765 $x00 209C/01 $a18.01765 K $h18 01765 K 209G/01 $a73937540 $x00 220C/01 $akon 247C/01 $8358050-7Marburg, Bibliothek des Herder-Instituts Marburg $9102600961 lok: 42099375 78 exp: 42099375 78 1 #EPN 201B/01 $025-04-22 $t08:15:25.000 201C/01 $025-04-22 201U/01 $0utf8 203@/01 $01195778449 208@/01 $a25-04-22 $be 209A/01 $a/ $f000 $x00 209A/01 $ab*p $x01 220C/01 $aeja 244Z/01 $#Böhmische Kronländer $#Länder der Böhmischen Krone $#Sudetenland $#Böhmen $#Mähren $#Mährisch-Schlesien $#Österreichisch-Schlesien $#Tschechische Sozialistische Republik Böhmische Länder $#Tschechei Böhmische Länder $#Země koruny české $74069573-6 $8--Tg1--Böhmische Länder $x03 $9085195553 247C/01 $82080>Marburg/Lahn, Herder-Institut, Forschungsbibliothek, Bibliographieportal $9336309341
| LEADER | 00000cam a2200000 c 4500 | ||
|---|---|---|---|
| 001 | 420993754 | ||
| 003 | DE-603 | ||
| 005 | 20180830161557.0 | ||
| 007 | tu | ||
| 008 | 171113s2016 xx |||| | u00||u|cze c | ||
| 020 | |a 9788074326363 | ||
| 035 | |a (DE-599)GBV869873849 | ||
| 040 | |a DE-603 |b ger |c DE-603 |d DE-603 |e rda | ||
| 041 | |a cze | ||
| 084 | |a NR 8724 |0 (DE-625)130132: |0 (DE-603)410931179 |2 rvk | ||
| 100 | 1 | |a Půtová, Barbora |d 1985- |e Verfasser |4 aut |0 (DE-603)381875873 |0 (DE-588)110451561X |2 gnd | |
| 245 | 0 | 0 | |a Královská cesta |b všední i sváteční život v proměnách času |c Barbora Půtová |
| 250 | |a Vydání první | ||
| 264 | 1 | |a Praha |b Paseka |c 2016 | |
| 300 | |a 151 Seiten, 24 ungezählte Seiten Bildtafeln |b Illustrationen | ||
| 336 | |a Text |b txt |2 rdacontent | ||
| 337 | |a ohne Hilfsmittel zu benutzen |b n |2 rdamedia | ||
| 338 | |a Band |b nc |2 rdacarrier | ||
| 500 | |a Zusammenfassung in englischer Sprache | ||
| 651 | 7 | |a Königsweg Prag |0 (DE-588)4319668-8 |0 (DE-603)086761897 |2 gnd | |
| 856 | 4 | 2 | |m V:DE-576;B:DE-16 |q application/pdf |u http://scans.hebis.de/HEBCGI/show.pl?42099375_toc.pdf |3 Inhaltsverzeichnis |
| 924 | 0 | |9 Mb 50 |a (DE-603)1011577089 |b DE-Mb50 |c HES |d c |g 18.01765 | |
| 924 | 0 | |9 2080 |a (DE-603)1195778449 |b DE-2080 |c HES |d d |g / | |


